| 000 | 01091nam a22003017a 4500 | ||
|---|---|---|---|
| 003 | OSt | ||
| 005 | 20250324131436.0 | ||
| 008 | 250324b |||||||| |||| 00| 0 eng d | ||
| 020 | _a9783031247842 (hardcover) | ||
| 040 |
_aNUST _beng _cNUST _dNUST _erda |
||
| 050 | _aTA1705 SOL | ||
| 100 |
_aLiang, Dawei _eAuthor |
||
| 245 |
_aSolar-pumped lasers : _bwith examples of numerical analysis of solid-state lasers / _cDawei Liang, Joana Almeida, Cláudia Vistas, Bruno Tibúrcio and Dário Garcia |
||
| 260 |
_aCham : _bSpringer, _c2023. |
||
| 300 |
_ax, 312 pages : _bIllustrations ; _c25 cm. |
||
| 336 |
_2rdamedia _atext _btxt |
||
| 337 |
_2rdamedia _aunmediated _bn |
||
| 338 |
_2rdamedia _avolume _bnc |
||
| 440 | _aGreen energy and technology. | ||
| 504 | _aIncludes bibliographical references. | ||
| 650 | _vSolid-state lasers. | ||
| 650 | _vSolar energy. | ||
| 700 |
_aAlmeida, Joana _eAuthor |
||
| 700 |
_aVistas, Cláudia _eAuthor |
||
| 700 |
_aTibúrcio, Bruno _eAuthor |
||
| 700 |
_aGarcía G, Darío _eAuthor |
||
| 942 |
_2lcc _cBOOKS _hTA1705 SOL _kTA _mSOL _n0 |
||
| 999 |
_c171483 _d171483 |
||